The Theory of Machines: A Textbook for Engineering Students (Record no. 3085)

MARC details
005 - DATE AND TIME OF LATEST TRANSACTION
control field 20250621072947.0
020 ## - INTERNATIONAL STANDARD BOOK NUMBER
International Standard Book Number 978-81-317-2965-6
082 ## - DEWEY DECIMAL CLASSIFICATION NUMBER
Classification number LM 621.8 BEV
100 ## - MAIN ENTRY--PERSONAL NAME
Author name BEVAN, T.
245 ## - TITLE STATEMENT
Title The Theory of Machines: A Textbook for Engineering Students
260 ## - PUBLICATION, DISTRIBUTION, ETC.
Place of publication, distribution, etc. India,
Name of publisher, distributor, etc. Pearson Prentice Hall,
Date of publication, distribution, etc. 2010.
300 ## - PHYSICAL DESCRIPTION
Extent vii, 621p.: Ill.; figure.
Other physical details Bibliography & Index
Dimensions 22cm.
856 ## - ELECTRONIC LOCATION AND ACCESS
Link text Access Online Book
Electronic name The Theory of Machines: A Textbook for Engineering Students
Path www.pearsoned.co.in
942 ## - ADDED ENTRY ELEMENTS (KOHA)
Source of classification or shelving scheme Dewey Decimal Classification
Koha item type Books
Holdings
Date last seen Total checkouts Full call number Barcode Cost, replacement price Price effective from Koha item type Lost status Source of classification or shelving scheme Damaged status Not for loan Withdrawn status Home library Current library Shelving location Date acquired Cost, normal purchase price
06/03/2025   LM 621.8 BEV 0000008285 75000.00 06/03/2025 Books   Dewey Decimal Classification       College of Business Education Main Library College of Business Education Main Library General Collection 10/27/2017 25000.00
06/03/2025   LM 621.8 BEV 0000008286 75000.00 06/03/2025 Books   Dewey Decimal Classification       College of Business Education Main Library College of Business Education Main Library General Collection 10/27/2017 25000.00
06/03/2025   LM 621.8 BEV 0000008287 75000.00 06/03/2025 Books   Dewey Decimal Classification       College of Business Education Main Library College of Business Education Main Library General Collection 10/27/2017 25000.00
06/03/2025   LM 621.8 BEV 0000008288 75000.00 06/03/2025 Books   Dewey Decimal Classification       College of Business Education Main Library College of Business Education Main Library General Collection 10/27/2017 25000.00
06/03/2025   LM 621.8 BEV 0000008289 75000.00 06/03/2025 Books   Dewey Decimal Classification       College of Business Education Main Library College of Business Education Main Library General Collection 10/27/2017 25000.00